00501nam a2200181Ia 450000500170000000800410001702000180005804100080007608200160008410000150010024500460011525000120016126000380017330000090021150000210022065000210024170000570026220230328105237.0230125s9999 xx 000 0 und d a9789387994454 aeng a658.81bING aIngram T N aSell : Trust - Based Professional selling a5th Ed. c2018bCengage LearningaAustralia a250p aSales management aSales management aIngram T N; Laforge R W; Avila R A & Schwepker C H